[Event "Titled Tuesday intern op 06th May Early"]
[Site "Chess.com INT"]
[Date "2025.05.06"]
[Round "2"]
[White "Wahedi, Ahmad Siar"]
[Black "Tekeyev, Zaur"]
[Result "0-1"]
[WhiteElo "2239"]
[BlackElo "2417"]
[PlyCount "132"]
[EventDate "2025.05.06"]
[EventType "swiss (blitz)"]
[EventRounds "11"]
[EventCountry "USA"]
[SourceTitle "CB20_2025"]
[SourceDate "2025.05.14"]
[SourceVersion "1"]
[SourceVersionDate "2025.05.14"]
[SourceQuality "1"]

1. e4 e5 2. Nf3 Nc6 3. Bb5 a6 4. Ba4 Nf6 5. 0-0 Be7 6. Re1 b5 7. Bb3 d6 8. c3 0-0 9. h3 Nb8 10. d4 Nbd7 11. Nbd2 Bb7 12. a4 Re8 13. Ng5 Rf8 14. Ngf3 c5 15. d5 c4 16. Bc2 Qc7 17. Nf1 Nc5 18. Ng3 g6 19. Bg5 Rab8 20. Qd2 Bc8 21. axb5 axb5 22. Bh6 Re8 23. Nf5 Bf8 24. Bxf8 Rxf8 25. Qh6 Ne8 26. Ng3 f6 27. Nh4 Qg7 28. Qxg7+ Nxg7 29. Ra7 Rf7 30. Rea1 Bb7 31. Nf3 h6 32. Nd2 f5 33. f3 f4 34. Ne2 g5 35. b4 cxb3 36. Nxb3 Na4 37. Na5 Nc5 38. Rb1 Ba6 39. Rxf7 Kxf7 40. Nc6 Rc8 41. Nb4 Bb7 42. Ra1 Ra8 43. Rxa8 Bxa8 44. Kf2 Ne8 45. g3 Bb7 46. h4 fxg3+ 47. Kxg3 gxh4+ 48. Kxh4 Bc8 49. f4 exf4 50. Nxf4 Nf6 51. e5 dxe5 52. Nh5 e4 53. Ng3 e3 54. Bd1 Nfe4 55. Nxe4 Nxe4 56. Na2 Nf6 57. Be2 Bd7 58. Kg3 Nxd5 59. Kf3 Kf6 60. Ke4 Bc6 61. Kd4 Ke6 62. Kc5 Be8 63. Bf3 Nf4 64. Nc1 Ke5 65. Ne2 Nxe2 66. Bxe2 h5 0-1

[Event "Titled Tuesday intern op 27th Aug Early"]
[Site "Chess.com INT"]
[Date "2024.08.27"]
[Round "3"]
[White "Fabris, Alberto"]
[Black "Wahedi, Ahmad Siar"]
[Result "1-0"]
[WhiteElo "2230"]
[BlackElo "2271"]
[PlyCount "143"]
[EventDate "2024.08.27"]
[EventType "swiss (blitz)"]
[EventRounds "11"]
[EventCountry "USA"]
[SourceTitle "EXT 2025"]
[Source "ChessBase"]
[SourceDate "2024.10.14"]
[SourceVersion "1"]
[SourceVersionDate "2024.10.14"]
[SourceQuality "1"]

1. e4 e5 2. Nf3 Nc6 3. Bc4 Bc5 4. c3 Nf6 5. d3 h6 6. 0-0 0-0 7. b4 Bb6 8. Be3 d6 9. a4 Ne7 10. Nbd2 Ng6 11. Re1 c6 12. Bb3 Be6 13. Nf1 a5 14. Ng3 Bxe3 15. fxe3 Qb6 16. Bxe6 fxe6 17. Qb3 d5 18. exd5 cxd5 19. d4 e4 20. Nd2 axb4 21. Qxb4 Qxb4 22. cxb4 Rfc8 23. Nb3 Kf7 24. a5 Nd7 25. Rec1 Ke7 26. Kf2 b6 27. axb6 Rxc1 28. Rxc1 Rb8 29. Na5 Rxb6 30. Rc7 Kd6 31. Rb7 Ngf8 32. Nh5 Rxb7 33. Nxb7+ Kc6 34. Nd8+ Kb5 35. Nxg7 Kxb4 36. Ndxe6 Ng6 37. Nf5 h5 38. Neg7 h4 39. g3 hxg3+ 40. hxg3 Nf6 41. Nh6 Kc3 42. Ne6 Kd2 43. g4 Nd7 44. Nc7 Nb6 45. Nf5 Kd3 46. g5 Kd2 47. Ng7 Kd3 48. Nge6 Kd2 49. Nc5 Nh4 50. N5a6 Nf5 51. g6 Kd3 52. Nb4+ Kc4 53. Nc6 Ng7 54. Ne5+ Kb4 55. Na6+ Kb5 56. Nb8 Nc4 57. Nbc6 Nd6 58. Ne7 Ndf5 59. Nxf5 Nxf5 60. Nd7 Kc4 61. Nf6 Ng7 62. Kg3 Ne6 63. Nh5 Kd3 64. g7 Nxg7 65. Nxg7 Kxe3 66. Ne6 Kd3 67. Kf2 e3+ 68. Ke1 Ke4 69. Ke2 Kf5 70. Nc7 Ke4 71. Nb5 Kf4 72. Nc3 1-0

[Event "Titled Tuesday intern op 11th Apr Late"]
[Site "Chess.com INT"]
[Date "2023.04.11"]
[Round "3"]
[White "Poliakova, Varvara"]
[Black "Wahedi, Ahmad Siar"]
[Result "1-0"]
[WhiteElo "2043"]
[BlackElo "2274"]
[PlyCount "51"]
[EventDate "2023.04.11"]
[EventType "swiss (blitz)"]
[EventRounds "11"]
[EventCountry "USA"]
[SourceTitle "CBM 213 Extra"]
[Source "ChessBase"]
[SourceDate "2023.05.31"]
[SourceVersion "1"]
[SourceVersionDate "2023.05.31"]
[SourceQuality "1"]

1. e4 d6 2. d4 Nf6 3. Nc3 g6 4. Bg5 Bg7 5. f4 h6 6. Bh4 c6 7. Qd2 Qa5 8. 0-0-0 Be6 9. Kb1 b5 10. d5 cxd5 11. exd5 Bd7 12. Nf3 b4 13. Ne2 Ne4 14. Qe3 f5 15. Ned4 0-0 16. Bc4 Na6 17. g4 Rab8 18. gxf5 gxf5 19. Rhg1 Nc3+ 20. bxc3 bxc3+ 21. Bb3 Rxb3+ 22. cxb3 Rc8 23. Rxg7+ Kxg7 24. Rg1+ Kh8 25. Nc2 Nb4 26. Qd4+ 1-0

[Event "Titled Tuesday intern op 04th Apr Early"]
[Site "Chess.com INT"]
[Date "2023.04.04"]
[Round "3"]
[White "Wahedi, Ahmad Siar"]
[Black "Krysa, Leandro Sergio"]
[Result "0-1"]
[WhiteElo "2274"]
[BlackElo "2541"]
[PlyCount "128"]
[EventDate "2023.04.04"]
[EventType "swiss (blitz)"]
[EventRounds "11"]
[EventCountry "USA"]
[SourceTitle "EXT 2024"]
[Source "ChessBase"]
[SourceDate "2023.10.10"]
[SourceVersion "1"]
[SourceVersionDate "2023.10.10"]
[SourceQuality "1"]

1. e4 c5 2. Nf3 Nc6 3. d4 cxd4 4. Nxd4 Nf6 5. Nc3 d6 6. g3 g6 7. Bg2 Nxd4 8. Qxd4 Bg7 9. 0-0 0-0 10. Bg5 Be6 11. Qd2 Rc8 12. Rfe1 Re8 13. Rad1 Nd7 14. Be3 Nb6 15. Bd4 Nc4 16. Qc1 Bxd4 17. Rxd4 Qb6 18. Rxc4 Rxc4 19. Nd1 Rec8 20. c3 R4c5 21. a3 a5 22. Ne3 Qb3 23. h3 h5 24. Re2 Kg7 25. Qe1 R5c7 26. Rd2 Qb5 27. Kh2 Qc5 28. f4 h4 29. gxh4 Rh8 30. Qg3 Qh5 31. f5 Bb3 32. fxg6 Qxg6 33. Qf4 Qf6 34. Qg3+ Kf8 35. Ng4 Qxh4 36. Qxh4 Rxh4 37. e5 dxe5 38. Nxe5 Be6 39. Kg3 Rh5 40. Rd8+ Kg7 41. Nf3 Rh8 42. Rd4 Rc5 43. Nd2 b5 44. Nf1 Rg5+ 45. Kf2 Rxg2+ 46. Kxg2 Bxh3+ 47. Kf2 Bxf1 48. Kxf1 Rh2 49. b4 axb4 50. Rxb4 Rc2 51. Rxb5 Rxc3 52. a4 Ra3 53. a5 Kg6 54. Kf2 f5 55. Rb6+ Kg5 56. a6 e5 57. Rb5 e4 58. Rb6 Kf4 59. Ke2 Ra2+ 60. Kd1 Kf3 61. Rf6 f4 62. Re6 e3 63. Kc1 e2 64. Kb1 Rxa6 0-1

[Event "Titled Tuesday intern op 28th Mar Early"]
[Site "Chess.com INT"]
[Date "2023.03.28"]
[Round "4"]
[White "Quirke, Jeffrey"]
[Black "Wahedi, Ahmad Siar"]
[Result "1-0"]
[WhiteElo "1982"]
[BlackElo "2256"]
[PlyCount "67"]
[EventDate "2023.03.28"]
[EventType "swiss (blitz)"]
[EventRounds "11"]
[EventCountry "USA"]
[SourceTitle "EXT 2024"]
[Source "ChessBase"]
[SourceDate "2023.10.10"]
[SourceVersion "1"]
[SourceVersionDate "2023.10.10"]
[SourceQuality "1"]

1. e4 c5 2. Nc3 d6 3. f4 g6 4. Nf3 Bg7 5. Bb5+ Bd7 6. a4 a6 7. Bxd7+ Nxd7 8. d3 e6 9. 0-0 Ne7 10. Qe1 Nc6 11. f5 Nd4 12. Nxd4 cxd4 13. Ne2 e5 14. c3 dxc3 15. Nxc3 a5 16. Nd5 Nb6 17. f6 Bf8 18. Nc3 h5 19. Be3 Bh6 20. Kh1 Bxe3 21. Qxe3 Qc7 22. Nb5 Qd8 23. Rac1 Rc8 24. Qxb6 Qxb6 25. Rxc8+ Kd7 26. Rxh8 Qe3 27. Rf8 Qxd3 28. Rxf7+ Kc6 29. Rc1+ Kb6 30. Rfc7 Qxe4 31. f7 Qf4 32. Nxd6 e4 33. Rxb7+ Ka6 34. Rc6# 1-0

[Event "Titled Tuesday intern op 28th Mar Early"]
[Site "Chess.com INT"]
[Date "2023.03.28"]
[Round "1"]
[White "Wahedi, Ahmad Siar"]
[Black "Costachi, Mihnea"]
[Result "0-1"]
[WhiteElo "2256"]
[BlackElo "2476"]
[PlyCount "138"]
[EventDate "2023.03.28"]
[EventType "swiss (blitz)"]
[EventRounds "11"]
[EventCountry "USA"]
[SourceTitle "EXT 2024"]
[Source "ChessBase"]
[SourceDate "2023.10.10"]
[SourceVersion "1"]
[SourceVersionDate "2023.10.10"]
[SourceQuality "1"]

1. e4 e5 2. Nf3 Nc6 3. Bb5 a6 4. Ba4 d6 5. c3 Bd7 6. d4 g6 7. h3 Bg7 8. Be3 Nf6 9. Nbd2 0-0 10. 0-0 h6 11. Re1 Re8 12. Bc2 b5 13. a4 Rb8 14. axb5 axb5 15. d5 Ne7 16. b4 Rf8 17. Bb3 Ne8 18. Nf1 f5 19. exf5 gxf5 20. Qc1 Kh7 21. Bc2 Ng6 22. Ra7 Nf6 23. Rd1 Ra8 24. Qa1 Rxa7 25. Qxa7 f4 26. Nh4 Be8 27. Bc1 Nh5 28. Nxg6 Bxg6 29. Bxg6+ Kxg6 30. Qb7 Qb8 31. Qc6 Rf7 32. c4 bxc4 33. Qxc4 Kh7 34. Bb2 Qd8 35. Qe4+ Kg8 36. Qg6 Qg5 37. Qxg5 hxg5 38. b5 e4 39. Bxg7 Rxg7 40. Re1 Nf6 41. Nd2 Re7 42. Kf1 Kf7 43. g3 Kg6 44. g4 Kf7 45. Re2 Ke8 46. Re1 Kd7 47. Re2 Kc8 48. Ke1 Kb7 49. Kd1 Kb6 50. Kc2 Kxb5 51. Kc3 Kc5 52. Nb3+ Kxd5 53. Rd2+ Ke5 54. Nd4 Nd5+ 55. Kc4 Nb6+ 56. Kb5 Kf6 57. Nf5 Re5+ 58. Kc6 Rc5+ 59. Kb7 Nc4 60. Ra2 e3 61. fxe3 Nxe3 62. Nd4 Ke5 63. Nc6+ Ke4 64. Kxc7 Nd5+ 65. Kxd6 Rxc6+ 66. Kxc6 Nb4+ 67. Kd6 Nxa2 68. Ke6 f3 69. Kf6 Kf4 0-1

[Event "BL2-West 2223"]
[Site "Germany"]
[Date "2023.03.19"]
[Round "10.4"]
[White "Omelja, Artem"]
[Black "Wahedi, Ahmad Siar"]
[Result "1/2-1/2"]
[WhiteElo "2441"]
[BlackElo "2256"]
[PlyCount "94"]
[EventDate "2022.10.22"]
[EventType "team-tourn"]
[EventRounds "10"]
[EventCountry "GER"]
[SourceTitle "EXT 2024"]
[Source "ChessBase"]
[SourceDate "2023.10.10"]
[SourceVersion "1"]
[SourceVersionDate "2023.10.10"]
[SourceQuality "1"]
[WhiteTeam "Siegburg"]
[BlackTeam "Neuberg"]
[WhiteTeamCountry "GER"]
[BlackTeamCountry "GER"]

1. Nf3 c5 2. c4 Nc6 3. Nc3 g6 4. e3 Nf6 5. d4 d6 6. d5 Na5 7. b3 Bg7 8. Bb2 0-0 9. Bd3 e6 10. e4 exd5 11. exd5 Re8+ 12. Kf1 a6 13. h3 b5 14. Rb1 bxc4 15. bxc4 Rb8 16. Qc2 Rb4 17. Nd1 Qb6 18. Nd2 Bd7 19. Bc3 Rxb1 20. Qxb1 Qxb1 21. Nxb1 Nb7 22. g4 Ne4 23. Bxg7 Kxg7 24. Bxe4 Rxe4 25. Nd2 Re8 26. f4 Na5 27. Kf2 h5 28. Ne3 Rb8 29. Rb1 Rxb1 30. Nxb1 hxg4 31. hxg4 f5 32. g5 Kf7 33. Ke2 Ke7 34. Kd2 Ba4 35. Kc3 Kf7 36. Nd2 Nb7 37. Nf3 Na5 38. Nh4 Bd7 39. Kb2 Nb7 40. Ka3 Na5 41. Nf3 Ke7 42. Ne1 Nb7 43. Nd3 Na5 44. Nf2 Kd8 45. Nf1 Be8 46. Nd2 Nb7 47. Nd3 Kc7 1/2-1/2

[Event "Walsrode Chessemy op-A"]
[Site "Walsrode"]
[Date "2023.03.06"]
[Round "3"]
[White "Althoff, Ralph"]
[Black "Wahedi, Ahmad Siar"]
[Result "0-1"]
[WhiteElo "1974"]
[BlackElo "2256"]
[PlyCount "135"]
[EventDate "2023.03.04"]
[EventType "swiss"]
[EventRounds "9"]
[EventCountry "GER"]
[SourceTitle "CBM 213 Extra"]
[Source "ChessBase"]
[SourceDate "2023.05.31"]
[SourceVersion "1"]
[SourceVersionDate "2023.05.31"]
[SourceQuality "1"]

1. d4 Nf6 2. Nf3 d5 3. Bf4 e6 4. e3 Bd6 5. Nbd2 c5 6. c3 Qc7 7. Bxd6 Qxd6 8. Ne5 Nbd7 9. f4 b6 10. Bd3 Bb7 11. Qf3 Qe7 12. Rc1 g5 13. fxg5 Nxe5 14. dxe5 Nd7 15. Qf4 0-0-0 16. 0-0 Rdg8 17. Bb5 Rxg5 18. Qxf7 d4 19. Bxd7+ Kxd7 20. Qxe7+ Kxe7 21. Nf3 Bxf3 22. Rxf3 d3 23. Rd1 Rd8 24. Kf2 Rxe5 25. c4 a6 26. Rf4 Rh5 27. h3 e5 28. Rg4 Rf5+ 29. Ke1 h5 30. Rg7+ Kf6 31. Rb7 Rd6 32. g4 hxg4 33. hxg4 Rf3 34. Kd2 Rf2+ 35. Kc3 e4 36. Rh1 Kg5 37. Rg7+ Rg6 38. Re7 Rc2+ 39. Kb3 Kxg4 40. Rg1+ Kf5 41. Rf1+ Kg5 42. Re5+ Kh6 43. Rf4 Rc1 44. Rf2 Rd6 45. Rd2 b5 46. Rxe4 bxc4+ 47. Ka3 Kg6 48. Rf4 Rd5 49. Rf8 Kg7 50. Rf4 Rg5 51. Rdf2 Kh6 52. Rh2+ Kg6 53. Rhf2 Rg3 54. Re4 Kg5 55. Re8 Rg4 56. Rf3 Kh6 57. Re6+ Rg6 58. Rh3+ Kg7 59. Re7+ Kf6 60. Rd7 Ke6 61. Rhh7 Kf5 62. Rhe7 Re6 63. e4+ Rxe4 64. Rd5+ Kf4 65. Red7 Rd4 66. Rf7+ Ke4 67. Rxc5 d2 68. Re7+ 0-1

[Event "Titled Tuesday intern op 28th Feb Early"]
[Site "Chess.com INT"]
[Date "2023.02.28"]
[Round "3"]
[White "Han, Yichen"]
[Black "Wahedi, Ahmad Siar"]
[Result "0-1"]
[WhiteElo "2399"]
[BlackElo "2260"]
[PlyCount "98"]
[EventDate "2023.02.28"]
[EventType "swiss (blitz)"]
[EventRounds "11"]
[EventCountry "USA"]
[SourceTitle "CBM 213 Extra"]
[Source "ChessBase"]
[SourceDate "2023.05.31"]
[SourceVersion "1"]
[SourceVersionDate "2023.05.31"]
[SourceQuality "1"]

1. d4 d5 2. c4 c6 3. Nf3 Nf6 4. e3 e6 5. Bd3 Nbd7 6. Nbd2 Bd6 7. 0-0 0-0 8. e4 e5 9. cxd5 cxd5 10. exd5 exd4 11. Ne4 Bb8 12. d6 Nxe4 13. Bxe4 Bxd6 14. Qxd4 Qb6 15. Qd3 h6 16. Be3 Nc5 17. Qc2 Qc7 18. Rac1 Nxe4 19. Qxc7 Bxc7 20. Rxc7 b6 21. Rd1 Be6 22. Nd4 Bxa2 23. b3 Nc5 24. Ra1 Bxb3 25. Rxc5 bxc5 26. Nxb3 c4 27. Nd4 Rfc8 28. Nb5 a5 29. Rc1 a4 30. Nd6 Rc6 31. Nf5 Kf8 32. Nd4 Rcc8 33. Nb5 a3 34. Ra1 a2 35. Nc3 Ra3 36. Bd4 Rb3 37. Nxa2 Ra8 38. g3 Kg8 39. Kg2 Rd3 40. Be5 Rd2 41. Nb4 Rxa1 42. Bxa1 f6 43. Bc3 Rd6 44. Nc2 Kf7 45. Ne3 Rd3 46. Be1 c3 47. Kf3 c2 48. Bd2 Rxd2 49. Kg2 c1Q 0-1

[Event "Titled Tuesday intern op 28th Feb Early"]
[Site "Chess.com INT"]
[Date "2023.02.28"]
[Round "5"]
[White "Wahedi, Ahmad Siar"]
[Black "Gauri, Shankar"]
[Result "1-0"]
[WhiteElo "2260"]
[BlackElo "2322"]
[PlyCount "147"]
[EventDate "2023.02.28"]
[EventType "swiss (blitz)"]
[EventRounds "11"]
[EventCountry "USA"]
[SourceTitle "CBM 213 Extra"]
[Source "ChessBase"]
[SourceDate "2023.05.31"]
[SourceVersion "1"]
[SourceVersionDate "2023.05.31"]
[SourceQuality "1"]

1. e4 c6 2. d4 d5 3. e5 Bf5 4. h4 a6 5. h5 h6 6. g4 Bd7 7. Nc3 e6 8. Be3 Qc7 9. f4 c5 10. Nce2 cxd4 11. Nxd4 Nc6 12. c3 Nge7 13. Ngf3 Nxd4 14. Nxd4 Nc6 15. Qd2 Nxd4 16. Bxd4 Bc5 17. Rh2 Bxd4 18. Qxd4 Rc8 19. Rd1 Qc5 20. Qxc5 Rxc5 21. Rd4 Bb5 22. Bh3 Ke7 23. Rhd2 Rhc8 24. Kf2 Rc4 25. Ke3 Bd7 26. Bf1 R4c5 27. a3 Bb5 28. Bh3 Bd7 29. Rg2 Rc4 30. Rgd2 b5 31. Bf1 R4c5 32. Bd3 a5 33. Bb1 Rc4 34. Ba2 R4c5 35. Rf2 Rb8 36. f5 b4 37. axb4 axb4 38. cxb4 Rcb5 39. Rff4 Ra8 40. Bb1 Ra1 41. Bd3 Rb6 42. b5 Bxb5 43. Rb4 Ra5 44. fxe6 fxe6 45. Bg6 Kd7 46. Rf7+ Kc6 47. Rxg7 Ra1 48. Be8+ Kc5 49. Rxb5+ Rxb5 50. Bxb5 Kxb5 51. Rg6 Re1+ 52. Kf4 Re4+ 53. Kf3 Rxe5 54. Rxh6 Kc4 55. Rg6 Re1 56. h6 e5 57. g5 Rh1 58. Kg2 Rh5 59. Kg3 e4 60. Kg4 Rh1 61. Re6 Kd3 62. Kf5 e3 63. b4 e2 64. b5 e1Q 65. Rxe1 Rxe1 66. h7 Rh1 67. g6 Kc4 68. b6 d4 69. g7 Rf1+ 70. Ke4 Re1+ 71. Kf3 d3 72. g8Q+ Kc3 73. h8Q+ Kd2 74. Qa2+ 1-0

[Event "Titled Tuesday intern op 21st Feb Early"]
[Site "Chess.com INT"]
[Date "2023.02.21"]
[Round "4"]
[White "Rose, Felix"]
[Black "Wahedi, Ahmad Siar"]
[Result "0-1"]
[WhiteElo "2091"]
[BlackElo "2260"]
[PlyCount "86"]
[EventDate "2023.02.21"]
[EventType "swiss (blitz)"]
[EventRounds "11"]
[EventCountry "USA"]
[SourceTitle "CBM 212 Extra"]
[Source "ChessBase"]
[SourceDate "2023.03.31"]
[SourceVersion "1"]
[SourceVersionDate "2023.03.31"]
[SourceQuality "1"]

1. d4 d5 2. Bf4 c5 3. e3 Nc6 4. Nf3 e6 5. c3 Bd6 6. Ne5 Qc7 7. Bb5 Nge7 8. Nd2 0-0 9. Ndf3 f6 10. Nxc6 bxc6 11. Bxd6 Qxd6 12. dxc5 Qxc5 13. Be2 a5 14. 0-0 Rb8 15. Qd2 e5 16. c4 Be6 17. Rac1 Qb4 18. Qxb4 Rxb4 19. b3 dxc4 20. Bxc4 Bxc4 21. Rxc4 Rxc4 22. bxc4 Rb8 23. g4 Kf7 24. Rd1 Ke6 25. Rd2 Rb1+ 26. Kg2 Rc1 27. g5 Rxc4 28. gxf6 gxf6 29. Ne1 Nd5 30. Nd3 Rc3 31. Kf1 e4 32. Nb2 f5 33. Ke2 f4 34. exf4 Nxf4+ 35. Kd1 Nd5 36. Re2 Kf5 37. Na4 Rc4 38. Nb2 Rb4 39. Rc2 a4 40. Nc4 Kf4 41. Nd6 Rd4+ 42. Kc1 Nb4 43. Rc4 Nd3+ 0-1

[Event "Titled Tuesday intern op 21st Feb Early"]
[Site "Chess.com INT"]
[Date "2023.02.21"]
[Round "6"]
[White "Wahedi, Ahmad Siar"]
[Black "Goroshkov, Maksym"]
[Result "0-1"]
[WhiteElo "2260"]
[BlackElo "2278"]
[PlyCount "74"]
[EventDate "2023.02.21"]
[EventType "swiss (blitz)"]
[EventRounds "11"]
[EventCountry "USA"]
[SourceTitle "CBM 212 Extra"]
[Source "ChessBase"]
[SourceDate "2023.03.31"]
[SourceVersion "1"]
[SourceVersionDate "2023.03.31"]
[SourceQuality "1"]

1. e4 e5 2. Nf3 d6 3. d4 Bg4 4. dxe5 Nd7 5. exd6 Bxd6 6. Be2 Ngf6 7. Nc3 Qe7 8. Bg5 0-0-0 9. Qd2 Bxf3 10. Bxf3 Ne5 11. Qe2 h6 12. Bh4 g5 13. Bg3 Kb8 14. h3 Nxf3+ 15. gxf3 Nh5 16. 0-0-0 Bxg3 17. fxg3 Nxg3 18. Qb5 Nxh1 19. Rxh1 c6 20. Qe2 Qe5 21. a3 f5 22. Kb1 Rhe8 23. h4 g4 24. fxg4 fxe4 25. Rg1 e3 26. g5 hxg5 27. hxg5 Rd2 28. Qg4 e2 29. Re1 Rd4 30. Qg2 Rd2 31. g6 Qf5 32. Ka1 Qxc2 33. Qg3+ Ka8 34. Na4 Rd1+ 35. Ka2 Qc4+ 36. b3 Qc2+ 37. Nb2 Qb1# 0-1

[Event "Titled Tuesday intern op 21st Feb Early"]
[Site "Chess.com INT"]
[Date "2023.02.21"]
[Round "3"]
[White "Wahedi, Ahmad Siar"]
[Black "Melikyan, Gnel"]
[Result "0-1"]
[WhiteElo "2260"]
[BlackElo "2238"]
[PlyCount "154"]
[EventDate "2023.02.21"]
[EventType "swiss (blitz)"]
[EventRounds "11"]
[EventCountry "USA"]
[SourceTitle "CBM 212 Extra"]
[Source "ChessBase"]
[SourceDate "2023.03.31"]
[SourceVersion "1"]
[SourceVersionDate "2023.03.31"]
[SourceQuality "1"]

1. e4 Na6 2. d4 c5 3. Nf3 cxd4 4. Nxd4 Nc5 5. Nc3 d6 6. f3 g6 7. Be3 Bg7 8. Nde2 Qb6 9. Qc1 Nf6 10. g3 0-0 11. Bg2 Be6 12. 0-0 Bc4 13. Re1 Rac8 14. Na4 Qc7 15. Nxc5 dxc5 16. c3 Rfd8 17. Nf4 b6 18. Qc2 Rd7 19. Rad1 Rcd8 20. Rxd7 Qxd7 21. b3 Ba6 22. c4 e6 23. Bf1 Bb7 24. Be2 g5 25. Ng2 g4 26. Rd1 Qe8 27. Rxd8 Qxd8 28. Bg5 Qd4+ 29. Be3 Qa1+ 30. Kf2 gxf3 31. Bxf3 Qe5 32. Bf4 Nxe4+ 33. Bxe4 Qxe4 34. Qxe4 Bxe4 35. Bb8 Bd4+ 36. Ne3 a6 37. Ke2 Bb1 38. a3 Ba2 39. Ba7 b5 40. cxb5 axb5 41. a4 b4 42. Nc2 Bg1 43. Ne3 Bxb3 44. Bxc5 Bxa4 45. Bxb4 Bc6 46. h4 h5 47. Bd6 Kh7 48. Bf4 Kg6 49. Nc4 f6 50. Be3 Bb5 51. Bxg1 Bxc4+ 52. Ke3 Kf5 53. Kf3 Bd5+ 54. Ke3 Kg4 55. Bf2 Kh3 56. Be1 Kg2 57. Kf4 Bb3 58. Bc3 e5+ 59. Kf5 Kxg3 60. Kxf6 e4 61. Kg5 Bd1 62. Bd2 Bg4 63. Bc1 Kf3 64. Kf6 e3 65. Ke5 e2 66. Bd2 Kf2 67. Kf4 e1Q 68. Bxe1+ Kxe1 69. Kg3 Kf1 70. Kh2 Kf2 71. Kh1 Kg3 72. Kg1 Bf3 73. Kf1 Kxh4 74. Kg1 Kg3 75. Kf1 h4 76. Kg1 h3 77. Kf1 Bg2+ 0-1

[Event "Titled Tuesday intern op 14th Feb Early"]
[Site "Chess.com INT"]
[Date "2023.02.14"]
[Round "3"]
[White "Wahedi, Ahmad Siar"]
[Black "Danielyan, Vahe"]
[Result "0-1"]
[WhiteElo "2260"]
[BlackElo "2307"]
[PlyCount "96"]
[EventDate "2023.02.14"]
[EventType "swiss (blitz)"]
[EventRounds "11"]
[EventCountry "USA"]
[SourceTitle "CBM 212 Extra"]
[Source "ChessBase"]
[SourceDate "2023.03.31"]
[SourceVersion "1"]
[SourceVersionDate "2023.03.31"]
[SourceQuality "1"]

1. e4 c5 2. Nf3 d6 3. d4 cxd4 4. Nxd4 Nf6 5. Nc3 a6 6. Be3 e5 7. Nb3 Be7 8. f3 0-0 9. Qd2 Nc6 10. 0-0-0 Be6 11. Kb1 b5 12. g4 b4 13. Na4 Rb8 14. g5 Nd7 15. h4 Na5 16. f4 exf4 17. Bxf4 Nxb3 18. axb3 Ne5 19. Be2 Qa5 20. h5 Rfc8 21. g6 hxg6 22. h6 Bf6 23. Bg5 Rxc2 24. Qxc2 Bxg5 25. hxg7 Kxg7 26. Rxd6 Rc8 27. Bc4 Nxc4 28. bxc4 Qe5 29. Rdd1 Rxc4 30. Qd3 Rxe4 31. Qxa6 Re2 32. Qa8 Qe4+ 33. Qxe4 Rxe4 34. Nc5 Bf5 35. Nxe4 Bxe4+ 36. Ka2 Bxh1 37. Rxh1 f5 38. Kb3 Bd2 39. Rd1 Be3 40. Kxb4 g5 41. Kc4 Kf6 42. Kd3 Bb6 43. b4 g4 44. b5 Kg5 45. Kc4 g3 46. Kd5 g2 47. Kc6 g1Q 48. Rxg1+ Bxg1 0-1

[Event "Titled Tuesday intern op 14th Feb Early"]
[Site "Chess.com INT"]
[Date "2023.02.14"]
[Round "2"]
[White "Wahedi, Ahmad Siar"]
[Black "Ruge, Edison"]
[Result "1-0"]
[WhiteElo "2260"]
[BlackElo "2201"]
[PlyCount "83"]
[EventDate "2023.02.14"]
[EventType "swiss (blitz)"]
[EventRounds "11"]
[EventCountry "USA"]
[SourceTitle "CBM 212 Extra"]
[Source "ChessBase"]
[SourceDate "2023.03.31"]
[SourceVersion "1"]
[SourceVersionDate "2023.03.31"]
[SourceQuality "1"]

1. e4 e5 2. Nf3 Nc6 3. Bb5 f5 4. d3 fxe4 5. dxe4 Nf6 6. 0-0 Bc5 7. Qe2 d6 8. Qc4 Qe7 9. b4 Be6 10. Qc3 Nxe4 11. Qe1 Bxf2+ 12. Rxf2 Nxf2 13. Qxf2 0-0 14. Bxc6 bxc6 15. Nc3 d5 16. Qc5 Qf6 17. Bd2 e4 18. Ng5 Bg4 19. Re1 h6 20. Nxd5 cxd5 21. Qxd5+ Kh8 22. Nxe4 Qg6 23. Ng3 Rad8 24. Qc5 Qb6 25. Be3 Rfe8 26. Qc3 Qg6 27. Rf1 Rd1 28. Rxd1 Bxd1 29. Bxa7 Bxc2 30. Bd4 Ba4 31. h3 Bb5 32. Kh2 Kh7 33. Qxc7 Rf8 34. Qe5 Rf7 35. Qxb5 Re7 36. Qc5 Re1 37. Qc3 Rb1 38. a4 Rd1 39. a5 Qd6 40. Bxg7 Rd3 41. Qe5 Qg6 42. Bf8 1-0

[Event "Titled Tuesday intern op 07th Feb Early"]
[Site "Chess.com INT"]
[Date "2023.02.07"]
[Round "4"]
[White "Wahedi, Ahmad Siar"]
[Black "Osiecki, Stanislaw"]
[Result "1-0"]
[WhiteElo "2260"]
[BlackElo "2055"]
[PlyCount "101"]
[EventDate "2023.02.07"]
[EventType "swiss (blitz)"]
[EventRounds "11"]
[EventCountry "USA"]
[SourceTitle "EXT 2024"]
[Source "ChessBase"]
[SourceDate "2023.10.10"]
[SourceVersion "1"]
[SourceVersionDate "2023.10.10"]
[SourceQuality "1"]

1. e4 e6 2. d4 d5 3. Nc3 Bb4 4. exd5 exd5 5. Bd3 Nc6 6. Nge2 Bg4 7. f3 Bh5 8. 0-0 Nge7 9. Bf4 0-0 10. a3 Bd6 11. Qd2 Bg6 12. Rae1 Bxd3 13. Qxd3 a6 14. Nd1 Re8 15. Nf2 Bxf4 16. Nxf4 Qd6 17. N2h3 Ng6 18. Nxg6 hxg6 19. c3 Qd7 20. Qd2 Rxe1 21. Rxe1 Re8 22. Nf4 Rxe1+ 23. Qxe1 Qe7 24. Qxe7 Nxe7 25. Kf2 Kf8 26. g4 Ke8 27. Nd3 Kd7 28. Nc5+ Kc6 29. a4 a5 30. Ke3 b6 31. Nd3 f6 32. Nf4 Kd6 33. h4 c5 34. h5 g5 35. Nd3 c4 36. Nc1 Kc6 37. f4 gxf4+ 38. Kxf4 b5 39. axb5+ Kxb5 40. Ke3 Kc6 41. Ne2 Kd6 42. Ng3 Ke6 43. Kf4 a4 44. g5 fxg5+ 45. Kxg5 Kf7 46. Ne2 Ng8 47. Nf4 Nf6 48. Kf5 Ke7 49. Ke5 Ne4 50. Nxd5+ Kd7 51. Kxe4 1-0

[Event "Titled Tuesday intern op 31st Jan Early"]
[Site "Chess.com INT"]
[Date "2023.01.31"]
[Round "7"]
[White "Aaditya, Dhingra"]
[Black "Wahedi, Ahmad Siar"]
[Result "0-1"]
[WhiteElo "2172"]
[BlackElo "2260"]
[PlyCount "84"]
[EventDate "2023.01.31"]
[EventType "swiss (blitz)"]
[EventRounds "11"]
[EventCountry "USA"]
[SourceTitle "CBM 212 Extra"]
[Source "ChessBase"]
[SourceDate "2023.03.31"]
[SourceVersion "1"]
[SourceVersionDate "2023.03.31"]
[SourceQuality "1"]

1. d4 d5 2. Bf4 Nf6 3. e3 c5 4. c3 Nc6 5. Nd2 e6 6. Ngf3 Bd6 7. Bg3 b6 8. Bd3 Bb7 9. Ne5 Bxe5 10. dxe5 Nd7 11. f4 h5 12. h3 h4 13. Bf2 Qe7 14. e4 d4 15. Nf3 dxc3 16. bxc3 0-0-0 17. Qe2 f6 18. exf6 gxf6 19. 0-0 Rdg8 20. Bxh4 e5 21. Bc4 Rg7 22. f5 Na5 23. Be6 Kc7 24. Rad1 Nf8 25. Bd5 Rgh7 26. Bf2 Qg7 27. Kh2 Qg4 28. Ng1 Rxh3+ 29. gxh3 Rxh3+ 30. Nxh3 Qxe2 31. Rde1 Qh5 32. Bxb7 Kxb7 33. Rg1 Ka6 34. Rg7 Nc4 35. Reg1 Nd2 36. Re7 Nf3+ 37. Kg2 Qg4+ 38. Kf1 Qxh3+ 39. Ke2 Nxg1+ 40. Bxg1 Qg4+ 41. Kf1 Qxe4 42. Rf7 Qxf5+ 0-1